000 00909nam a22001817a 4500
999 _c20983
_d20983
003 AR-CdUCM
008 190723b ||||| |||| 00| 0 spa d
040 _aMUNICIPALIDAD PROVINCIAL DEL CUSCO
_cBIBLIOTECA MUNICIPAL DEL CUSCO
082 _aC / 370.59 /
_bR68
100 _aRivero Ricalde, Concepción
_931487
245 _aBosquejos y apuntes /
260 _aCusco :
_bComercial,
_c1948.
300 _a103 páginas ;
_c20 cm.
505 _aContenido : Concepto de la educación femenina -- Metodología práctica -- Para el 12 de octubre -- Fiesta estudiantil -- Contribución -- Higiene del trabajo -- Para el día del maestro -- Estudio sociológico y psicológico de los alumnos -- Condiciones orgánicas del indio -- Desarrollo físico del niño indio -- Algunos conceptos sobre la educación e instrucción del niño indígena ...
650 _aEducación
_9460
942 _2ddc
_cLIBROS
945 _azta